| 000 | 00626nam a2200181Ia 4500 | ||
|---|---|---|---|
| 008 | 151018s9999 xx 000 0 und d | ||
| 082 |
_bRBASDV19789 _a891.463 |
||
| 100 | _aबाळ सामंत | ||
| 245 | _aमर्मबंधातली ठेव ही | ||
| 250 | _b1 | ||
| 260 |
_bश्रीविद्या प्रकाशन पुणे _c1986 |
||
| 300 | _a303 | ||
| 600 | _aबाळ सामंत | ||
| 630 | _aमर्मबंधातली ठेव ही | ||
| 700 | _aबाळ सामंत | ||
| 730 | _aमर्मबंधातली ठेव ही | ||
| 942 | _cBOOK | ||
| 999 |
_c1020417 _d1020414 |
||